000 01017nam0a22002531 4500
001 rc\4962744
005 20260407045113.0
021 _aRU
_b[62-49576]
035 _a(NLR Aleph) 008959075
090 _a9052314
_c9052314
100 _a20130426d1962 |||y0rusy50 ca
101 0 _arus
102 _aRU
105 _aa z |||||
200 1 _aРациональная разработка нефтяного месторождения Кюровдаг с применением "разрезания" залежи
_fАзерб. науч.-исслед. ин-т по добыче нефти
210 _aБаку
_cАзернешр
_d1962
215 _a55 с.
_cчерт.
_d20
606 _aНефтяные месторождения
_xСистемы разработки
_2psbo
712 0 2 _aАзербайджанский НИИ по добыче нефти
_cБаку
_9533680
_3RU\NLR\AUTH\8810017921
801 0 _aRU
_bNLR
_gpsbo
801 1 _aRU
_bELAR
_2rusmarc
852 _aNLR
_j62-4/11574
942 _cBOOK
980 _aNB